Szybka matematyka - pierwiastki - Statystyki

Ogólne statystyki
  • Ten quiz został rozwiązany 2 427 razy
  • Średni wynik to 21 z 30
Statystyki odpowiedzi
Pierwiastek = % Poprawnych
144 12
99%
64 8
98%
125 5
96%
81 9
91%
16 4
90%
36 6
90%
121 11
89%
169 13
89%
8 2
86%
196 14
83%
4 2
82%
0 0
79%
1000 10
79%
27 3
77%
225 15
75%
1 1
74%
256 16
71%
64 4
71%
400 20
70%
343 7
70%
729 9
57%
441 21
55%
3375 15
54%
289 17
54%
512 8
54%
1331 11
51%
324 18
49%
4096 16
43%
2197 13
42%
1728 12
28%
Nie znaleziono quizów pasujących do podanych kryteriów
Rozkład punktacji
Procent ludzi z każdym wynikiem
Percentyl według liczby udzielonych odpowiedzi
Twoja historia wyników
Nie rozwiązałeś tego quizu